Procedures for the office professional. / (Record no. 2740)
[ view plain ]
| 000 -LEADER | |
|---|---|
| fixed length control field | 01214nam a22001937a 4500 |
| 008 - FIXED-LENGTH DATA ELEMENTS--GENERAL INFORMATION | |
| fixed length control field | 140320b xxu||||| |||| 00| 0 eng d |
| 020 ## - INTERNATIONAL STANDARD BOOK NUMBER | |
| International Standard Book Number | 9538722126 |
| 050 ## - LIBRARY OF CONGRESS CALL NUMBER | |
| Classification number | HF5547.5.F842 |
| 100 ## - MAIN ENTRY--PERSONAL NAME | |
| Personal name | Fulton-Calkins, Patsy. |
| 245 ## - TITLE STATEMENT | |
| Title | Procedures for the office professional. / |
| Statement of responsibility, etc. | Patsy, Fulton-Calkins. |
| 250 ## - EDITION STATEMENT | |
| Edition statement | 4th ed. |
| 260 ## - PUBLICATION, DISTRIBUTION, ETC. | |
| Place of publication, distribution, etc. | Australia: |
| Name of publisher, distributor, etc. | South-Western Educational Publishing, |
| Date of publication, distribution, etc. | 1999. |
| 300 ## - PHYSICAL DESCRIPTION | |
| Extent | xvi,613 p.: |
| Other physical details | ill; |
| Dimensions | 23cm. |
| 500 ## - GENERAL NOTE | |
| General note | Includes index. |
| 505 ## - FORMATTED CONTENTS NOTE | |
| Formatted contents note | Contents: The 21st century office: A Changing workplace -- The Office team and environment -- Productivity in the office -- Ethical behavior -- Office technology: Information processing -- Computer software -- Reprographic resources -- The Vital office -- Office communication: The Communication process -- Written communications -- Presentations -- Telecommunication skills -- Office mail -- Records management: Rules and procedures -- Records management technology -- Meeting and conferences: Travel arrangements -- Financial documents -- The Office professionals career: Employment and advancement -- Leadership and management -- Reference section. |
| 650 ## - SUBJECT ADDED ENTRY--TOPICAL TERM | |
| Topical term or geographic name entry element | Office Management |
| 700 ## - ADDED ENTRY--PERSONAL NAME | |
| Personal name | Hanks, Joanna D. |
| 942 ## - ADDED ENTRY ELEMENTS (KOHA) | |
| Source of classification or shelving scheme | Library of Congress Classification |
| Koha item type | Books |
| Withdrawn status | Lost status | Source of classification or shelving scheme | Damaged status | Not for loan | Home library | Current library | Shelving location | Date acquired | Total Checkouts | Full call number | Barcode | Date last seen | Copy number | Price effective from | Koha item type |
|---|---|---|---|---|---|---|---|---|---|---|---|---|---|---|---|
| Library of Congress Classification | WISCONSIN INTERNATIONAL UNIVERSITY COLLEGE, GHANA - MAIN LIBRARY | WISCONSIN INTERNATIONAL UNIVERSITY COLLEGE, GHANA - MAIN LIBRARY | Reference | 20/03/2014 | HF5547.5.F842 | 7080/97/13 | 20/03/2014 | 1 | 20/03/2014 | Books |
